LE SSERAFIM - Paroles ANTIFRAGILE - Statistiques

Statistiques générales
  • Ce quiz a été pris 14 fois
  • Le résultat moyen est 249 sur 316
Statistiques - réponses
Hint Réponse % Correct
a
100%
(Ah
100%
ah
100%
ah)
100%
Anti
100%
Antifragile,
100%
antifragile
100%
antifragile,
100%
Refrain Anti
100%
ti
100%
fragile,
86%
fragile
86%
I
86%
All
71%
(All
71%
baby
71%
baby)
71%
boost
71%
break
71%
can
71%
can't
71%
can’t
71%
'Cause
71%
desire
71%
don't
71%
dovey,
71%
eh)
71%
fairytale
71%
feel
71%
fire
71%
gasoline
71%
go
71%
gonna
71%
gonna,
71%
I'm
71%
I’m
71%
is
71%
it
71%
it,
71%
know
71%
lion
71%
lock
71%
Couplet 2 Lovey,
71%
lovey,
71%
made
71%
me
71%
me)
71%
my
71%
(Na
71%
na
71%
na,
71%
name
71%
no
71%
Now,
71%
oh
71%
oh)
71%
on
71%
party
71%
risin'
71%
rival
71%
say
71%
shoes
71%
to
71%
toe
71%
twist
71%
up
71%
way
71%
Bridge We
71%
what
71%
(Woah
71%
(Yeah,
71%
You
71%
you
71%
chain
57%
desire
57%
die,
57%
die
57%
fallin’
57%
I'ma
57%
like
57%
out,
57%
out
57%
ride
57%
ridin'
57%
Rock
57%
(Rock
57%
thanks
57%
that)
57%
’til
57%
'til
57%
(Yes,
57%
career
43%
gimme
43%
in
43%
jump
43%
ahеad
0%
Aucun quiz correspondant
Distribution des résultats
% des personnes avec chaque résultat
Percentile par nombre de réponses
Votre historique - résultats
Vous n’avez pas pris ce quiz